000 00692nab a2200217u 4500
001 22902
003 HDC
007 c| |||a|c|aaaa
008 210310b20100406my ||||o |||| 00| 0 eng d
040 _aHDC
245 0 _aFrance's wealthy young Muslims fuel boom in halal food
336 _atext
_2rdacontent
337 _acomputer
_2rdamedia
338 _aonline resource
_2rdacarrier
650 _ahalal meats
_95953
650 _ahalal products
_9642
856 _zRequest full-text at [email protected]
942 _2lcc
942 _cNEWS
942 _kNWS0 005077
999 _c20218
_d20218